000 00415nam a2200181Ia 4500
008 230711s9999||||xx |||||||||||||| ||und||
020 _a978-81-85790-60-2
041 _aENG
082 _a615.19
_bSU-N
100 _aSurana,S.J
245 0 _aNatural Excipients
250 _a3rd Ed.
260 _c2010
_aPune
_bNirali Prakashan
300 _a4.167p.
650 _aPharmacy
700 _aTalele,G.S
942 _cBK
999 _c7302
_d7302